Estatísticas para Maiores cidades do Sul do Brasil

Clique aqui para jogar o quiz

Estatísticas Gerais

  • Esse quiz foi jogado 49 vezes
  • A pontuação média é 18 de 30

Estatísticas das Respostas

EstadoHabitantesCidade% Correto
PR1,9 milhões de habitantesCuritiba
100%
SC516 mil habitantesFlorianópolis
100%
RS1,4 milhões de habitantesPorto Alegre
100%
SC604 mil habitantesJoinville
95%
PR580 mil habitantesLondrina
88%
SC366 mil habitantesBlumenau
79%
SC227 mil habitantesChapecó
76%
PR436 mil habitantesMaringá
76%
RS343 mil habitantesPelotas
76%
RS523 mil habitantesCaxias do Sul
74%
SC219 mil habitantesCriciúma
71%
PR336 mil habitantesCascavel
69%
PR358 mil habitantesPonta Grossa
69%
SC253 mil habitantesSão José
60%
RS285 mil habitantesSanta Maria
57%
PR257 mil habitantesFoz do Iguaçu
55%
RS247 mil habitantesNovo Hamburgo
55%
RS212 mil habitantesRio Grande
55%
SC226 mil habitantesItajaí
52%
RS349 mil habitantesCanoas
45%
PR183 mil habitantesGuarapuava
43%
SC178 mil habitantesPalhoça
43%
RS240 mil habitantesSão Leopoldo
43%
SC184 mil habitantesJaraguá do Sul
40%
PR334 mil habitantesSão José dos Pinhais
40%
RS206 mil habitantesPasso Fundo
38%
RS257 mil habitantesViamão
38%
RS212 mil habitantesAlvorada
36%
PR249 mil habitantesColombo
36%
RS285 mil habitantesGravataí
31%

Distribuição das Pontuações

Percentil de Números Respondidos

Porcentagem de Pessoas com Cada Pontuação

Sua Pontuação Histórica

Você não jogou esse quiz